Culture générale - numéro 3 - Statistiques

Statistiques générales
  • Ce quiz a été pris 235 fois
  • Le résultat moyen est 8 sur 15
Statistiques - réponses
Question Réponse % Correct
Dans quel sport excelle Tiger Woods? Le Golf
86%
Qu'a fait la cigale tout l'été, dans la fable? Elle chantait
82%
Quel fruit est le plus consommé au monde? La banane
80%
Comment appelle t'on une pierre de forme allongée, dressée verticalement? un Menhir
70%
De quoi se compose le Biathlon en plus du ski de fond? Du tir à la carabine
67%
De quel gaz se compose principalement le soleil? Hydrogène
62%
Qui est le seul joueur au monde à avoir remporté 3 coupes du monde de football? Pelé
61%
Qui est l'auteur de Gargantua? François Rabelais
48%
Les éruptions volcaniques sont soit effusives, soit? Explosives
46%
Quel évènement marque le début du moyen âge? La chute de l'empire Romain
44%
Qui était l'empereur à la barbe fleurie? Charlemagne
41%
Quel fromage à pâte pressée non cuite porte le nom de son département d'origine? Cantal
35%
En droit pénal, quel terme est utilisé pour désigner le fait de dissimuler, détenir ou transmettre une chose provenant d'un crime? Recel
32%
A quel pays appartient l'île Curaçao? Aux Pays-Bas
29%
Que signifie le P dans format PDF? Portable
14%
Aucun quiz correspondant
Distribution des résultats
% des personnes avec chaque résultat
Percentile par nombre de réponses
Votre historique - résultats
Vous n’avez pas pris ce quiz